Southville International School and Colleges
Your cart is empty.
  • Cart
  • Lists
    Public lists Eva Luna New books Lux_list list_1
    Your lists Log in to create your own lists
  • Log in to your account
  • Your cookies
  • Search history
Southville International School and Colleges
  • Advanced search
  • Recent comments
  • Most popular
  • Libraries

Log in to your account

Log in with GOOGLE


If you do not have an external account, but do have a local account, you can still log in:

  1. Home
  2. MARC view: HTML :
Normal view MARC view ISBD view

HTML : (Record no. 25668)

[ view plain ]
MARC details
000 -LEADER
fixed length control field 00646nam a22002297a 4500
005 - DATE AND TIME OF LATEST TRANSACTION
control field 20140310183634.0
008 - FIXED-LENGTH DATA ELEMENTS--GENERAL INFORMATION
fixed length control field 131123b xxu||||| |||| 00| 0 eng d
020 ## - INTERNATIONAL STANDARD BOOK NUMBER
International Standard Book Number 9780071809276
050 ## - LIBRARY OF CONGRESS CALL NUMBER
Classification number TK 5105.888
Item number .H967 2013
100 ## - MAIN ENTRY--PERSONAL NAME
Personal name William, Wendy.
245 ## - TITLE STATEMENT
Title HTML :
Remainder of title a beginner's guide /
Statement of responsibility, etc Wendy Willard.
250 ## - EDITION STATEMENT
Edition statement 5th ed.
260 ## - PUBLICATION, DISTRIBUTION, ETC. (IMPRINT)
Place of publication, distribution, etc Berkeley, Calif. :
Name of publisher, distributor, etc Osborne/McGraw-Hill,
Date of publication, distribution, etc 2013.
300 ## - PHYSICAL DESCRIPTION
Extent 488 p.
504 ## - BIBLIOGRAPHY, ETC. NOTE
Bibliography, etc Includes Index.
521 ## - TARGET AUDIENCE NOTE
Target audience note
650 ## - SUBJECT ADDED ENTRY--TOPICAL TERM
Topical term or geographic name as entry element HTML (Document markup language)
650 ## - SUBJECT ADDED ENTRY--TOPICAL TERM
Topical term or geographic name as entry element COMPUTERS
General subdivision Data Processing.
650 ## - SUBJECT ADDED ENTRY--TOPICAL TERM
Topical term or geographic name as entry element Electronic books.
942 ## - ADDED ENTRY ELEMENTS (KOHA)
Source of classification or shelving scheme Library of Congress Classification
Koha item type Books
Call number prefix Foreign
Holdings
Withdrawn status Lost status Source of classification or shelving scheme Damaged status Home library Current library Shelving location Date acquired Source of acquisition Total Checkouts Total Renewals Full call number Barcode Date last seen Date checked out Copy number Price effective from Koha item type
    Library of Congress Classification   College Library College Library Reserve Section 11/23/2013 Donation 1 6 TK 5105.888 .H967 2013 C17198 05/15/2018 03/02/2015 1 11/23/2013 Books

HTML :

APA

William W., . (2013). HTML. Berkeley, Calif: Osborne/McGraw-Hill.

Chicago

William Wendy, . 2013. HTML. Berkeley, Calif: Osborne/McGraw-Hill.

Harvard

William W., . (2013). HTML. Berkeley, Calif: Osborne/McGraw-Hill.

MLA

William Wendy, . HTML. Berkeley, Calif: Osborne/McGraw-Hill. 2013.

  • Place hold
  • Print
  • Cite
  • Add to your cart (remove)
  • Save record
    BIBTEX Dublin Core MARCXML MARC (non-Unicode/MARC-8) MARC (Unicode/UTF-8) MARC (Unicode/UTF-8, Standard) MODS (XML) RIS
  • More searches
    Search for this title in:
    Other Libraries (WorldCat) Other Databases (Google Scholar) Online Stores (Bookfinder.com) Open Library (openlibrary.org)

Exporting to Dublin Core...

SOUTHVILLE LIBRARY

Southville International School and Colleges Library

1281 Tropical Ave. Cor. Luxembourg St., BF Homes International, Las Pinas City

Tel. No. 8256374 / 252358 Loc. 117/146

Powered by Koha